Guide manuel du capitaliste
Salvato in:
| Natura: | Libro |
|---|---|
| Lingua: | francese |
| Pubblicazione: |
Paris
Garnier fréres
1922
|
| Tags: |
Nessun Tag, puoi essere il primo ad aggiungerne!!
|
MARC
| LEADER | 00000nam a2200000 4500 | ||
|---|---|---|---|
| 001 | 0307502 | ||
| 005 | 20250306103126.5 | ||
| 041 | 0 | |a fre | |
| 044 | |a FR | ||
| 245 | 1 | 0 | |a Guide manuel du capitaliste |c Bonnet |
| 264 | 1 | |a Paris |b Garnier fréres |c 1922 | |